| 000 | 00394cam a2200169ua 4500 | ||
|---|---|---|---|
| 041 |
_aeng _h |
||
| 082 |
_a621.4025 _bLOW/HE |
||
| 100 | _aLow, David Allen. | ||
| 245 |
_aHeat engines / _cDavid Allan Low. _hTextual Documents |
||
| 250 |
_a1 / _b. |
||
| 260 |
_aLondon : _bLongman , _c1961. |
||
| 300 | _a592 ; . | ||
| 504 | _a | ||
| 942 | _cBK | ||
| 999 |
_c5627 _d5627 |
||